Missing Word: Female Fiction A-Z Quiz Stats

 Plays Quiz Updated Jul 15, 2014

Support Sporcle.
Go Orange.
Score 0/25 Timer 03:00
2 Plays Today
Book Title Missing Word % Correct
K: To ____ a MockingbirdKill
97.8%
H: Wuthering _______Heights
95.7%
W: Gone with the ____Wind
95.7%
Y: Are ___ There God? It's Me, MargaretYou
95.2%
P: The Color ______Purple
95.1%
E: Jane ____Eyre
94%
U: ______ Tom's CabinUncle
94%
O: Harry Potter and the _____ of the PhoenixOrder
90.6%
R: The Tale of Peter ______Rabbit
90.3%
A:_____ ShruggedAtlas
82.4%
T: _____ Eyes Were Watching GodTheir
78.8%
I: The Age of _________Innocence
77.3%
L: The ______ BonesLovely
77%
Book Title Missing Word % Correct
S: ____ of SolomonSong
74.8%
J: The Bell ___Jar
73.9%
V: The _________ RabbitVelveteen
71.1%
G: The ____ EarthGood
69.3%
C: ________ FireCatching
68.4%
Q: The _____ of the DamnedQueen
60.4%
M: __ √ĀntoniaMy
50.5%
D: Mrs. ________Dalloway
45.7%
N: _________ AbbeyNorthanger
43.1%
B: The ______ AssassinBlind
38.9%
F: The Mill on the _____Floss
33.7%
Z: Towards ____Zero
28.3%

Today's Daily Dose

Missing Word
1961 Movies A-Z

Word Ladder
Study Light

Get the Picture
Bread and Butter

You're not logged in!

Compare scores with friends on all Sporcle quizzes.
OR
Log In

From the Vault

TV Show by Pets

by Hejman

The main thing that TV is missing today is characters with pet pigs.
Remove Ads.
Support Sporcle.
Get the best of Sporcle when you Go Orange. This ad-free experience offers more features, more stats, and more fun while also helping to support Sporcle. Thank you for becoming a member.

Show Comments

Extras

Top Quizzes Today


Score Distribution

Your Account Isn't Verified!

In order to create a playlist on Sporcle, you need to verify the email address you used during registration. Go to your Sporcle Settings to finish the process.

Report this User

Report this user for behavior that violates our Community Guidelines.

Details: